000
00270nam a2200109Ia 4500
008
220216s9999 xx 000 0 und d
100
_a
Krishnakumar R.
245
0
_a
Rubber tree: The future pharmaceutical factory
260
_b
Rubber
_c
1995
300
_a
13
942
_c
ML
999
_c
72637
_d
72637